000 00606nam a2200217Ia 4500
003 BUBTL
008 151213s9999 xx 000 0 und d
020 _a984--32-0119-1
082 _a657.46095492
_bHAA
100 _aFazlul Haque / Akkas / Ashif
245 _aThree Taxes of BD.
_cFazlul Haque / Akkas / Ashif
250 _a5th
260 _aDhaka
_bBook Warld
_c2007
300 _a284p . :
_bill , 25cm .
_cAccounting .
650 _aAccounting
650 _aTaxes
700 _aFazlul Haque / Akkas / Ashif
856 _k0
_l0
_yDownload
942 _2ddc
_cBK
999 _c3024
_d3024